[Event "Olympiad Women 2024"]
[Site "Budapest HUN"]
[Date "2024.09.21"]
[Round "10.12"]
[Board "4"]
[White "Kazarian, Anna-Maja"]
[Black "Hamedi Nia, Vesal"]
[Result "0-1"]
[WhiteElo "2180"]
[BlackElo "1986"]
[PlyCount "106"]
[EventDate "2024.09.11"]
[WhiteTeam "Netherlands"]
[BlackTeam "Iran"]
[WhiteTeamCountry "NED"]
[BlackTeamCountry "IRI"]

1. e4 {Fernandez,Daniel Howard} c5 2. Nf3 Nc6 3. d4 cxd4 4. Nxd4 Nf6 5. Nc3 e5 6. Ndb5 d6 7. Nd5 Nxd5 8. exd5 Ne7 ({RR} 8... Nb8 9. a4 Be7 10. Be2 O-O 11. O-O Nd7 12. b4 a6 13. Na3 a5 14. bxa5 Rxa5 15. Nc4 Ra8 16. Be3 f5 17. a5 f4) 9. c4 Ng6 10. Qa4 Bd7 11. Qb4 Qb8 ({RR} 11... Bf5 12. h4 h5 13. Qa4 Bd7 14. Qb4 Bf5 15. Be3 a6 16. Nc3 Qc7 17. g3 Be7 18. f3 Nf8) 12. h4 h5 13. Be3 a6 14. Nc3 a5 ({RR} 14... f5 15. Na4 ({RR} 15. g3 Be7 16. Be2 Kf7 17. Na4 f4) 15... f4 16. Bd3 Nxh4 17. Rxh4 fxe3 18. Nb6) ({RR} 14... Be7 15. Na4 Qc7 16. g3 O-O 17. Nb6 Rad8 18. Nxd7 Qxd7 19. Be2 Qf5 20. f3 Qd7 21. O-O-O f5 22. f4 exf4 23. gxf4 Bf6 24. Bxh5 Nh8 25. Bd4 Rc8 26. Bxf6 Rxf6 27. Rdg1 b5 28. Be2 bxc4 29. Rg3 {½-½ Mehmed,E (2194)-Pogorelskikh,S (2214) 55th Belgrade WGM 2024 (7.1)}) 15. Qb3 ({RR} 15. Qa3 f5 16. g3 Be7 17. Be2 Kf7 18. Na4) 15... Be7 ({RR} 15... a4 16. Qd1 Be7 ({RR} 16... Ne7) 17. g3 Qc8 18. Be2 Bg4 19. Rc1 Bxe2 20. Qxe2 Qf5 ({RR} 20... O-O 21. b3 ({RR} 21. O-O Qh3 22. Qxh5 Nxh4 23. gxh4 Bxh4) 21... axb3 22. axb3 Qf5) 21. c5 ({RR} 21. O-O O-O 22. Kg2 Rfc8 23. f3 Nf8 24. f4) 21... O-O 22. c6 bxc6 23. dxc6 Rfc8 24. Qc4 Bd8 25. Nd5 ({RR} 25. Ne4 Bc7 26. O-O) 25... e4 26. c7 ({RR} 26. Bd4 Ba5+ 27. Bc3 Bxc3+ 28. Rxc3 Ra5) 26... Bxc7 27. Nxc7 Ne5 28. Nd5 ({RR} 28. Qd5 Rab8 29. O-O Rxc7) 28... Kh7 {0-1 Caruana,F (2832)-Carlsen,M (2835) World-ch Carlsen-Caruana Tiebreak rapid 2018 (2)} ({RR} 28... Nxc4 29. Ne7+ Kh7 30. Nxf5 Nxe3 31. Rxc8 Rxc8 32. Nxe3 Rc1+ 33. Nd1) {RR} 29. Ne7 Qf3) 16. g3 f5 $146 ({RR} 16... a4 17. Qd1 Qc8 18. Rc1 O-O 19. Be2 Bg4 20. Bxg4 Qxg4 21. Qxg4 hxg4 22. h5 Nh8 23. h6 Ng6 24. hxg7 Rfc8 25. Nb5 Kxg7 26. Bh6+ Kg8 27. Rh5 f6 28. Ke2 Kf7 29. Kd3 Ke8 30. Ke4 Kd7 31. Be3 {1-0 Deac,B (2613)-Banusz,T (2619) EU-chT 22nd Batumi 2019 (5.9)}) ({RR} 16... a4 17. Qc2 f5 18. c5 O-O 19. Bb5 Qe8 20. Qe2 Bxb5 21. Nxb5 f4 22. Nc7 Qc8 23. Nxa8 fxe3 24. Qxe3 Qxa8 25. O-O Qc8 26. cxd6 Bxd6 27. Qg5 Rf6 28. Qxh5 Qh3 29. Rac1 e4 30. Rc3 Ne5 31. Qe8+ {0-1 Frolyanov,D (2556)-Kardashevskiy,E (2437) Moscow Aeroflot op-A 2020 (8)}) ({RR} 16... a4 17. Qb4 Bd8 18. O-O-O Ba5 19. Qa3 Bxc3 20. Qxc3 Qc7 21. Kb1 f5 22. f4 O-O-O 23. Bg2 Kb8 24. c5 Bb5 25. Rc1 e4 26. c6 Bd3+ 27. Ka1 Ne7 28. Qb4 Nxd5 29. Qd4 Nxe3 30. Qxe3 bxc6 31. Rhd1 {1-0 Baskin,R (2385)-Souza Neves,A (2087) Titled Tuesday intern op 3rd March blitz 2020 (9)}) 17. Na4 f4 18. gxf4 Bg4 19. Nb6 exf4 20. Bd3 Ne5 21. Bxf4 Nf3+ 22. Kf1 O-O 23. Be3 Bxh4 24. Qc2 Ra7 25. Be4 Bd8 26. Bxf3 Rxf3 27. Qe4 Bxb6 28. Bxb6 Ra6 29. Bd4 Qf8 30. Re1 Rf4 31. Qe3 Ra8 32. Rh2 Qf5 33. c5 Rf8 34. cxd6 Qxd5 35. Be5 Rxf2+ 36. Qxf2 Rxf2+ 37. Kxf2 Qc5+ 38. Kg3 Qb4 39. Re3 Qc5 40. Re1 Qb4 41. Re3 g5 42. Rc2 Bf5 43. Rc7 Qd2 44. Kf3 Be6 45. Re7 Bd5+ 46. Re4 Qd3+ 47. Kf2 Bxe4 48. d7 Qf3+ 49. Ke1 Qe3+ 50. Kf1 Bd3+ 51. Kg2 Qe2+ 52. Kh3 Bf5+ 53. Kg3 h4# 0-1

[Event "Olympiad Women 2024"]
[Site "Budapest HUN"]
[Date "2024.09.21"]
[Round "10.13"]
[Board "1"]
[White "Narva, Mai"]
[Black "Injac, Teodora"]
[Result "1/2-1/2"]
[WhiteElo "2420"]
[BlackElo "2425"]
[PlyCount "143"]
[EventDate "2024.09.11"]
[WhiteTeam "Estonia"]
[BlackTeam "Serbia"]
[WhiteTeamCountry "EST"]
[BlackTeamCountry "SRB"]

1. e4 c6 2. d4 d5 3. e5 c5 4. dxc5 e6 5. c3 Nd7 ({RR} 5... Nc6 6. Bf4 Bxc5 7. b4 Be7 8. Bd3 g5 9. Bg3 h5 10. h3 Qc7 11. Nf3 Nh6 12. b5 Na5 13. Nd4 Nf5 14. Bh2 Nxd4 15. cxd4 Qb6 16. Be2 Bb4+ 17. Kf1 Bd7 18. a3 Be7 19. a4 Rc8 20. g3 {½-½ Salem,A (2679)-Vallejo Pons,F (2703) Prague Masters 4th 2022 (1)}) 6. Nf3 Bxc5 7. Bd3 f6 8. Bf4 $146 ({RR} 8. b4 Bb6 9. exf6 Ngxf6 10. O-O e5 11. Bb5 e4 12. Nd4 Qe7 13. f4 O-O 14. Be3 a5 15. a3 Kh8 16. h3 Qf7 17. Nd2 axb4 18. axb4 Rxa1 19. Qxa1 Bc7 20. g4 Nxg4 21. hxg4 Nf6 22. Be2 Bxg4 {1-0 Nenezic,D (2086)-Draganic,V (2323) 76th ch-MNE 2024 (8.5)}) ({RR} 8. Qe2 fxe5 9. Nxe5 Nxe5 10. Qxe5 Nf6 11. Bb5+ Kf7 12. O-O Rf8 13. b4 Bb6 14. Bg5 a5 15. bxa5 Bc7 16. Qe2 Qd6 17. f4 Rxa5 18. Bxf6 gxf6 19. Bd3 Ra4 20. Qh5+ Ke7 21. Qxh7+ Rf7 22. Qh8 Rxf4 {0-1 Khakhinov,I (2236)-Rozen,E (2495) Serbia Open 2024 (1.11)}) ({RR} 8. Qe2 fxe5 9. Nxe5 Nxe5 10. Qxe5 Nf6 11. Bb5+ Kf7 12. O-O Rf8 13. Bf4 Kg8 14. Bd3 Ng4 15. Qh5 Rxf4 16. Qxh7+ Kf8 17. Qh8+ Ke7 18. Qxg7+ Kd6 19. b4 Bxf2+ 20. Rxf2 Nxf2 21. Be2 Qb6 22. Na3 Nh3+ {0-1 Giulian,R (1935)-Holm,K (2491) Scottish Int Open 2024 (2.23)}) 8... fxe5 9. Bxe5 Ngf6 10. O-O Nxe5 11. Nxe5 O-O 12. Nd2 Bd7 13. Qc2 Rc8 14. Ndf3 Bd6 15. Rae1 Qc7 16. Nxd7 Qxd7 17. Ng5 g6 18. Nxe6 Rfe8 19. Nd4 Rxe1 20. Rxe1 Re8 21. Rxe8+ Qxe8 22. g3 Bc5 23. Kg2 Kg7 24. h3 Bb6 25. Qe2 Qxe2 26. Bxe2 Kf7 27. f4 Ke7 28. Bd3 Nd7 29. Bc2 Nc5 30. g4 Ne6 31. Ne2 Be3 32. Kf3 Bd2 33. h4 Be1 34. h5 gxh5 35. gxh5 h6 36. Bb3 Kd6 37. Kg4 Bd2 38. Kf5 b5 39. Bc2 a6 40. b4 Be3 41. a4 bxa4 42. Bxa4 Bd2 43. Bd1 Nc7 44. Ba4 Be3 45. Kg6 Ne6 46. Kf5 Ng7+ 47. Kg4 Bd2 48. Bc2 d4 49. cxd4 Bxb4 50. Bb3 Ke7 51. Ng3 Bc3 52. d5 Bb4 53. Ba4 a5 54. Bc6 Be1 55. Ne4 Ne8 56. f5 Nf6+ 57. Nxf6 Kxf6 58. d6 Bf2 59. Kf4 Bc5 60. d7 Bb6 61. Ke4 Bd8 62. Ba4 Bc7 63. Bb3 Ke7 64. Ba4 Kf6 65. Bb5 Bd8 66. Bc6 Bc7 67. Bd5 a4 68. Be6 a3 69. Kd3 a2 70. Bxa2 Kxf5 71. Bf7 Kf6 72. Bg6 1/2-1/2

[Event "Olympiad Women 2024"]
[Site "Budapest HUN"]
[Date "2024.09.21"]
[Round "10.13"]
[Board "2"]
[White "Gajcin, Marina"]
[Black "Olde, Margareth"]
[Result "0-1"]
[WhiteElo "2253"]
[BlackElo "2135"]
[PlyCount "68"]
[EventDate "2024.09.11"]
[WhiteTeam "Serbia"]
[BlackTeam "Estonia"]
[WhiteTeamCountry "SRB"]
[BlackTeamCountry "EST"]

1. e4 e5 2. Nf3 Nc6 3. Bc4 Nf6 4. d3 d5 5. exd5 Nxd5 6. O-O Bg4 7. c3 Qd6 8. Bb5 $146 ({RR} 8. Nbd2 Be7 9. Ne4 Qd7 10. h3 Bh5 11. Ng3 Bg6 12. Re1 f6 13. d4 Nb6 14. Bb5 O-O-O 15. Qb3 a6 16. Bxc6 Qxc6 17. dxe5 Nc4 18. Bf4 Na5 19. Nf5 Bxf5 20. Qf7 Qe8 21. Qxg7 Rg8 22. Qh6 Rg6 {½-½ Bluhm,S (2126)-Kubicki,U Lueneburg op-A 2015 (5)}) ({RR} 8. Nbd2 O-O-O {½-½ Tsaruk,M (2450)-Moskalenko,A (2422) Eastern Economic Forum 2024 (6.4)}) ({RR} 8. Re1 Be7 9. h3 Bh5 10. Nbd2 f5 11. Qc2 g5 12. Bb5 g4 13. hxg4 fxg4 14. Nxe5 O-O 15. Nxc6 bxc6 16. Ne4 Qe6 17. Bc4 Bf7 18. Be3 Qg6 19. Qd2 Nxe3 20. Bxf7+ Rxf7 21. Qxe3 h5 22. Qg3 h4 {0-1 Cabarkapa,N (2091)-Kovac,Z (2091) Bajmok op 9th 2006 (6)}) 8... Nde7 9. Nbd2 O-O-O 10. Qa4 Bxf3 11. Nxf3 f6 12. Be3 a6 13. Bc4 Nd5 14. Rad1 Nce7 15. Qc2 Nxe3 16. fxe3 Nd5 17. Bxd5 Qxd5 18. d4 exd4 19. exd4 Qxa2 20. c4 Qa5 21. Kh1 Bb4 22. Ra1 Qb6 23. Qe4 Kb8 24. Rfc1 a5 25. d5 Rde8 26. Qc2 Qc5 27. Rd1 Qe3 28. Nd4 Re4 29. Nf5 Qe2 30. Qxe2 Rxe2 31. c5 Bxc5 32. Nxg7 Rg8 33. Ne6 Bd6 34. Rxa5 Rexg2 0-1

[Event "Olympiad Women 2024"]
[Site "Budapest HUN"]
[Date "2024.09.21"]
[Round "10.13"]
[Board "3"]
[White "Blokhin, Sofia"]
[Black "Velikic, Adela"]
[Result "0-1"]
[WhiteElo "2036"]
[BlackElo "2260"]
[PlyCount "114"]
[EventDate "2024.09.11"]
[WhiteTeam "Estonia"]
[BlackTeam "Serbia"]
[WhiteTeamCountry "EST"]
[BlackTeamCountry "SRB"]

1. d4 d5 2. c4 e6 3. Nf3 Nf6 4. Nc3 Bb4 5. e3 O-O 6. Bd3 dxc4 7. Bxc4 c5 8. O-O cxd4 9. exd4 b6 10. Bf4 Bb7 11. Bd3 Nc6 12. a3 Bxc3 13. bxc3 Ne7 14. Bg5 $146 ({RR} 14. Qe2 Ng6 15. Bg5 Rc8 16. Rfc1 Qd6 17. Ba6 Bxa6 18. Qxa6 Ne4 19. Bd2 Qc6 20. Qe2 Nd6 21. g3 Nc4 22. Be1 Rfd8 23. Nd2 Na5 24. Rab1 Ne7 25. Nf3 Qc4 26. Kf1 Nd5 27. Qxc4 Nxc4 28. Ne5 Nxe5 {0-1 Young,S (1907)-Van Wely,L (2683) US Open-112 Orlando 2011 (4)}) 14... Rc8 15. Rc1 Ng6 16. h4 Qd6 17. Bb1 Ng4 18. Re1 h6 19. h5 Bxf3 20. Qxf3 Qh2+ 21. Kf1 Qxh5 22. Bf4 Nxf4 23. Qxf4 Nf6 24. f3 Qa5 25. Qe3 Rfd8 26. c4 Rc7 27. Qd3 Rcd7 28. Red1 Qh5 29. Qe3 Qh1+ 30. Kf2 Qh4+ 31. g3 Qh2+ 32. Kf1 Qxg3 33. Rc2 Qh4 34. Rcd2 Kf8 35. a4 Qg5 36. Qxg5 hxg5 37. Ke2 g4 38. f4 g6 39. Ke3 Kg7 40. Rh1 Rc7 41. Bd3 Nh5 42. a5 bxa5 43. Ra1 Nf6 44. Rxa5 Rh8 45. Bf1 Rh1 46. Bg2 Re1+ 47. Kf2 Rc1 48. c5 Nh5 49. Ba8 Rc3 50. Rda2 Nxf4 51. Rxa7 g3+ 52. Ke1 Rxa7 53. Rxa7 Rc4 54. Ra3 g2 55. Rg3 Rc1+ 56. Kf2 g1=Q+ 57. Rxg1 Nh3+ 0-1

[Event "Olympiad Women 2024"]
[Site "Budapest HUN"]
[Date "2024.09.21"]
[Round "10.13"]
[Board "4"]
[White "Mandura, Tijana"]
[Black "Narva, Triin"]
[Result "1-0"]
[WhiteElo "2207"]
[BlackElo "2066"]
[PlyCount "77"]
[EventDate "2024.09.11"]
[WhiteTeam "Serbia"]
[BlackTeam "Estonia"]
[WhiteTeamCountry "SRB"]
[BlackTeamCountry "EST"]

1. e4 c5 2. Nf3 d6 3. d4 cxd4 4. Qxd4 Nc6 5. Bb5 a6 6. Bxc6+ bxc6 7. O-O e5 8. Qa4 Qc7 9. c4 Rb8 $146 ({RR} 9... Ne7 10. c5 dxc5 11. Be3 Ng6 12. Nbd2 Be7 13. Qc2 O-O 14. Bxc5 Be6 15. Be3 a5 16. Rfc1 Rfb8 17. Nb3 Rb5 18. Nc5 Bxc5 19. Bxc5 a4 20. Be3 h6 21. Ne1 Nf4 22. g3 Nh3+ 23. Kg2 Ng5 24. f3 {1-0 Khusnutdinov,R (2470)-Tran,T (2524) Asian Continental op 17th 2018 (7)}) ({RR} 9... Nf6 10. Nc3 Bg4 11. Bg5 Nd7 12. Nd2 f6 13. Be3 Be7 14. b4 Be6 15. Rfc1 Qb7 16. Rab1 O-O 17. Qd1 f5 18. f3 Nf6 19. Bg5 Rad8 20. Bxf6 Rxf6 21. Qe2 Rh6 22. Rd1 Qa7+ 23. Kh1 Qd4 24. exf5 {0-1 Anton Guijarro,D (2658)-Vallejo Pons,F (2701) ESP-chT Rapid 2021 (7.1)}) ({RR} 9... Nf6 10. c5 Bg4 11. Be3 dxc5 12. Nbd2 Nd7 13. Rfc1 Be7 14. h3 Be6 15. Nb3 Qb6 16. Nfd2 O-O 17. Na5 Qb5 18. Qa3 Rfe8 19. Qc3 Rec8 20. Ndc4 Qb8 21. Rc2 h6 22. Rd1 Qc7 23. Rcd2 Rab8 24. Nd6 {1-0 Zawadzka,J (2349)-Rekuc,P (2107) Najdorf Mem Open A 2024 (4.10)}) ({RR} 9... Bg4 10. Nbd2 Nf6 11. c5 Nd7 12. cxd6 Bxd6 13. h3 Be6 14. Qc2 Be7 15. b3 O-O 16. Bb2 a5 17. Rac1 Rfc8 18. Nc4 f6 19. Rfd1 Nb6 20. Nfd2 a4 21. Nxb6 Qxb6 22. Nc4 Qb5 23. Rd3 axb3 24. axb3 {½-½ Fus,J (2195)-Cukrowski,F (2401) Suwalki Warakomska Memorial-A op 2018 (6)}) ({RR} 9... Nf6 10. c5 Bd7 11. cxd6 Bxd6 12. Na3 O-O 13. Nc4 c5 14. Qc2 Bc6 15. Re1 h6 16. Bd2 Bb5 17. Ba5 Qe7 18. Rac1 Bxc4 19. Qxc4 Qb7 20. b3 Qb5 21. Qc3 Rac8 22. Nd2 Rfe8 23. Nc4 Qc6 24. Rcd1 {1-0 Henderson de la Fuente,L (2429)-Avila Fraire,A (2014) Gibraltar Masters 16th 2018 (2)}) 10. Nc3 Nf6 11. c5 Nd7 12. cxd6 Bxd6 13. Qc2 Nc5 14. Be3 Ne6 15. Rac1 Bb7 16. Na4 Ba8 17. Rfd1 Be7 18. Rd2 Bb4 19. Re2 O-O 20. Qc4 Be7 21. Nc5 Nxc5 22. Bxc5 Bxc5 23. Qxc5 Rb5 24. Qc3 Rfb8 25. Rd1 c5 26. Nxe5 Bc6 27. f3 Be8 28. Red2 Qb6 29. Nc4 Qe6 30. b3 f6 31. Nd6 R5b6 32. Qxc5 Rc6 33. Qa7 Rcb6 34. Qc7 h5 35. Nxe8 Qxe8 36. Rd8 Rxd8 37. Rxd8 Re6 38. Rxe8+ Rxe8 39. Qc4+ 1-0

[Event "Olympiad Women 2024"]
[Site "Budapest HUN"]
[Date "2024.09.21"]
[Round "10.14"]
[Board "1"]
[White "Martynkova, Olena"]
[Black "Kosteniuk, Alexandra"]
[Result "0-1"]
[WhiteElo "2176"]
[BlackElo "2483"]
[PlyCount "126"]
[EventDate "2024.09.11"]
[WhiteTeam "Lithuania"]
[BlackTeam "Switzerland"]
[WhiteTeamCountry "LTU"]
[BlackTeamCountry "SUI"]

1. d4 Nf6 2. c4 e6 3. g3 Bb4+ 4. Bd2 a5 5. Bg2 d5 6. Qc2 O-O 7. Nf3 Be7 8. O-O c6 9. Bg5 Nbd7 10. Nbd2 h6 11. Bxf6 Nxf6 12. e4 b6 13. cxd5 cxd5 14. e5 Nd7 15. Rfc1 Nb8 $146 ({RR} 15... Ba6 16. Bf1 b5 17. a4 bxa4 18. Bxa6 Rxa6 19. Qxa4 Bb4 20. Nb3 Ra7 21. Nc5 Nxc5 22. dxc5 Rc7 23. c6 d4 24. Qb5 d3 25. Rd1 Qb8 26. Qxd3 Rxc6 27. Rac1 Qc7 28. Rxc6 Qxc6 29. Nd2 Rc8 30. Ne4 {½-½ Zagorskis,D (2509)-Babula,V (2608) Olympiad-38 Dresden 2008 (2)}) 16. Bf1 Na6 17. Bb5 Ra7 18. a3 Nc7 19. Bd3 Bd7 20. Qd1 Qb8 21. h4 Rc8 22. Nf1 Ne8 23. Rxc8 Qxc8 24. Rc1 Rc7 25. Rxc7 Qxc7 26. Ne3 h5 27. Ng2 g6 28. Nf4 Ng7 29. Qc2 Qxc2 30. Bxc2 Bb5 31. Ng5 Bc4 32. Nf3 Ne8 33. Nd2 Bb5 34. Kg2 Nc7 35. Kf3 Kg7 36. Ke3 Be8 37. Nf3 b5 38. Nd3 Na8 39. Nc5 Nb6 40. b3 a4 41. bxa4 Nc4+ 42. Kd3 bxa4 43. Kc3 Bxc5 44. dxc5 Nxa3 45. Bd3 f6 46. Kb4 Nc4 47. Bxc4 dxc4 48. Kxc4 Bc6 49. exf6+ Kxf6 50. Nd4 Be8 51. Kb4 Ke5 52. Nf3+ Kd5 53. Ng5 e5 54. Nh7 Kd4 55. Nf6 Bc6 56. Ng8 Be4 57. Ne7 a3 58. Kxa3 Kxc5 59. Kb2 Kd6 60. f3 Bxf3 61. Nxg6 Be4 62. Nh8 Ke7 63. Kc3 Kf6 0-1

[Event "Olympiad Women 2024"]
[Site "Budapest HUN"]
[Date "2024.09.21"]
[Round "10.14"]
[Board "2"]
[White "Georgescu, Lena"]
[Black "Limontaite, Simona"]
[Result "0-1"]
[WhiteElo "2266"]
[BlackElo "2177"]
[PlyCount "104"]
[EventDate "2024.09.11"]
[WhiteTeam "Switzerland"]
[BlackTeam "Lithuania"]
[WhiteTeamCountry "SUI"]
[BlackTeamCountry "LTU"]

1. e4 e6 2. d4 d5 3. Nc3 Nf6 4. Bg5 dxe4 5. Nxe4 Nbd7 6. Nf3 h6 7. Bxf6 Nxf6 8. Bd3 Nxe4 9. Bxe4 c5 10. Qe2 Qa5+ 11. c3 Be7 12. dxc5 Qxc5 13. Ne5 ({RR} 13. O-O O-O 14. Rfd1 Bf6 15. Bc2 g6 16. Nd2 Bg7 17. Ne4 Qe7 18. Qb5 b6 19. Rd2 Rb8 20. Rad1 a6 21. Qe2 b5 22. Bb1 h5 23. Qe3 Qc7 24. Qg5 Qe5 25. f4 Qxg5 26. fxg5 Be5 27. g3 Kg7 {½-½ Dragnev,V (2557)-Postlmayer,J (2358) ch-AUT 2024 Linz AUT (4.3)}) 13... Bf6 14. f4 Bxe5 15. fxe5 a5 $146 ({RR} 15... Bd7 16. O-O-O Bc6 17. Bxc6+ bxc6 18. g4 O-O 19. g5 h5 20. Rhe1 g6 21. Rd6 Rab8 22. Qe4 Rfd8 23. Qd4 Qa5 24. Rd1 Rxd6 25. Qxd6 Qb6 26. Rd2 Rf8 27. Qd4 Qa6 28. b3 Qf1+ 29. Kb2 Qe1 30. Rd1 {½-½ Petrosyan,M (2634)-Gavrilescu,D (2527) 23rd ch-EUR Indiv 2023 (9.23)}) ({RR} 15... Bd7 16. O-O-O Bb5 17. Bd3 Bxd3 18. Rxd3 O-O 19. Rd4 Rad8 20. Rhd1 Rxd4 21. Rxd4 b5 22. a3 a5 23. Kc2 f6 24. exf6 Qf5+ 25. Kb3 Rxf6 26. g4 Qc5 27. Qe4 Qc7 28. h3 a4+ 29. Ka2 e5 30. Rd5 {½-½ Ma,Q (2666)-Xu,Y (2549) CHN-chT Div-A 2022 (9.3)}) 16. O-O-O Bd7 17. Rd4 Bc6 18. Bxc6+ Qxc6 19. Rhd1 O-O 20. a4 Rab8 21. Qf3 Qc5 22. Qe4 b5 23. g4 bxa4 24. Rxa4 Rb5 25. Rc4 Qf2 26. Qc2 Qxc2+ 27. Kxc2 Rfb8 28. b3 Rxe5 29. b4 axb4 30. Rxb4 Rc8 31. Rbd4 Kh7 32. c4 Rec5 33. Kc3 e5 34. Re4 R8c7 35. Kb4 f6 36. Rd5 R5c6 37. Rb5 Kg6 38. h4 h5 39. c5 hxg4 40. Rxg4+ Kf5 41. Rc4 e4 42. Rb6 e3 43. Rxc6 Rxc6 44. Rc1 Ke4 45. Kb5 Rc8 46. c6 e2 47. c7 Kd3 48. Kc6 Kd2 49. Ra1 e1=Q 50. Rxe1 Kxe1 51. Kd7 Rxc7+ 52. Kxc7 f5 0-1

[Event "Olympiad Women 2024"]
[Site "Budapest HUN"]
[Date "2024.09.21"]
[Round "10.14"]
[Board "3"]
[White "Baginskaite, Kamile"]
[Black "Hakimifard, Ghazal"]
[Result "1-0"]
[WhiteElo "2103"]
[BlackElo "2192"]
[PlyCount "147"]
[EventDate "2024.09.11"]
[WhiteTeam "Lithuania"]
[BlackTeam "Switzerland"]
[WhiteTeamCountry "LTU"]
[BlackTeamCountry "SUI"]

1. d4 Nf6 2. c4 e6 3. Nf3 b6 4. g3 Bb7 5. Bg2 Be7 6. O-O O-O 7. Nc3 Ne4 8. Qc2 Nxc3 9. Qxc3 a5 10. Qc2 f5 11. d5 Bf6 12. Rd1 Na6 $146 ({RR} 12... Qe7 13. Bf4 d6 14. dxe6 Be4 15. Qd2 Qxe6 16. Nd4 Bxd4 17. Qxd4 Bxg2 18. Kxg2 Nd7 19. b3 Rae8 20. Re1 Nf6 21. Rad1 Qf7 22. Bc1 Re4 23. Qd3 Rfe8 24. Bb2 Nd7 25. e3 a4 26. Qc3 axb3 27. axb3 {0-1 Xu,Y (2558)-Durarbayli,V (2635) Chessable Masters Play-In 2023 (5)}) ({RR} 12... Qe8 13. e4 fxe4 14. Ng5 Bxg5 15. Bxg5 Qh5 16. Be3 exd5 17. cxd5 Na6 18. Qxe4 Rae8 19. Qc4 Rf7 20. a3 d6 21. b4 Nb8 22. bxa5 Ba6 23. Qa4 b5 24. Qb4 Nd7 25. Bd4 Nf6 26. Bxf6 Rxf6 27. Re1 {1-0 Pang,T (2430)-Jaiveer,M (2294) Piraeus GM Jan 2024 (8.5)}) 13. e4 Nb4 14. Qb1 fxe4 15. Qxe4 Qe8 16. Ng5 Bxg5 17. Bxg5 Qf7 18. Qe2 Qf5 19. Bf4 Rae8 20. Bxc7 exd5 21. Qd2 Rf6 22. Bf4 Rfe6 23. Re1 Nd3 24. Rxe6 dxe6 25. Be3 Ne5 26. Qe2 Nxc4 27. Bxb6 Rc8 28. Bd4 e5 29. Bc3 e4 30. Qd1 Rf8 31. Qd4 Rf7 32. Rf1 Re7 33. Qc5 Qf7 34. f3 e3 35. Re1 Rc7 36. Qd4 a4 37. f4 Re7 38. b3 axb3 39. axb3 Nd6 40. Rxe3 Ne4 41. Bb2 h5 42. h4 Rc7 43. Bf1 Rc2 44. Rxe4 dxe4 45. Bc4 Rxc4 46. bxc4 Qg6 47. Kf2 Qg4 48. Qc3 Kf7 49. Ke1 Bc6 50. c5 Kf8 51. Qb3 Ke7 52. Be5 Qf3 53. Qxf3 exf3 54. Bxg7 Ke6 55. g4 hxg4 56. Kf2 Kf5 57. Be5 Kg6 58. Kg3 Bd7 59. Bd4 Kh5 60. Bf2 Kg6 61. Kh2 Kh5 62. Bg3 Kg6 63. Kg1 Kf5 64. Kf1 Be8 65. Ke1 Ke4 66. Kd2 Kd4 67. f5 Kxc5 68. Ke3 Kd5 69. Kf4 Bd7 70. h5 Be6 71. fxe6 Kxe6 72. Kxg4 Kf6 73. Bf2 Kg7 74. Be3 1-0

[Event "Olympiad Women 2024"]
[Site "Budapest HUN"]
[Date "2024.09.21"]
[Round "10.14"]
[Board "4"]
[White "Manko, Mariia"]
[Black "Sibajeva, Marija"]
[Result "1-0"]
[WhiteElo "2159"]
[BlackElo "2007"]
[PlyCount "133"]
[EventDate "2024.09.11"]
[WhiteTeam "Switzerland"]
[BlackTeam "Lithuania"]
[WhiteTeamCountry "SUI"]
[BlackTeamCountry "LTU"]

1. d4 Nf6 2. c4 g6 3. Nf3 Bg7 4. g3 c6 5. Bg2 d5 6. O-O O-O 7. Qb3 Qb6 8. Nc3 Rd8 9. Na4 Qxb3 10. axb3 Na6 11. Bf4 ({RR} 11. Nc3 Bf5 12. Bf4 Nh5 13. Bg5 Nf6 14. Bf4 Nh5 15. Bg5 Nf6 16. Rfc1 h6 17. Bd2 Ne4 18. cxd5 cxd5 19. Be1 Nb8 20. e3 Nc6 21. Nh4 Nxc3 22. bxc3 Be4 23. Bxe4 dxe4 24. b4 a6 25. c4 e6 {½-½ Grischuk,A (2781)-Caruana,F (2805) Norway Chess 3rd 2015 (8)}) 11... Bf5 12. Rac1 $146 ({RR} 12. Rfc1 Nb4 13. Nc5 b6 14. Na6 Nxa6 15. Rxa6 c5 16. dxc5 Bc8 17. Ra2 bxc5 18. Ne5 Bb7 19. Nd3 a5 20. Nxc5 Bc6 21. Bd2 Rdc8 22. Rxa5 Rxa5 23. Bxa5 Bh6 24. Rc2 dxc4 25. Bxc6 Rxc6 26. Rxc4 Ne8 {1-0 Lintchevski,D (2562)-Vogel,R (2475) Pardubice Czech op-A 28th 2017 (9)}) ({RR} 12. Rfc1 h6 13. h4 e6 14. Be5 Nd7 15. Bxg7 Kxg7 16. cxd5 exd5 17. Nc5 Naxc5 18. dxc5 Be4 19. Nd4 Bxg2 20. Kxg2 h5 21. b4 a6 22. Rc3 Re8 23. f3 Rac8 24. Kf2 Re7 25. Raa3 Rce8 26. Re3 Ne5 {½-½ Navara,D (2689)-Cheparinov,I (2658) Bundesliga 2023-24 (8.8)}) ({RR} 12. Rfc1 Be4 13. Nc3 c5 14. Be5 cxd4 15. Bxd4 e6 16. Ra4 Nd7 17. Bxg7 Kxg7 18. cxd5 Bxd5 19. Nxd5 exd5 20. Nd4 Ndc5 21. Ra3 Ne6 22. Nxe6+ fxe6 23. Bh3 Kf6 24. b4 Rac8 25. Rxc8 Rxc8 26. b5 Rc1+ {½-½ Zhao,X (2503)-Danin,A (2584) Teplice op 11th 2016 (7)}) ({RR} 12. Rfc1 Bg4 13. Be5 Ne4 14. Bxg7 Kxg7 15. Ne5 Be6 16. Bxe4 dxe4 17. Nc3 Nb4 18. Nxe4 Rxd4 19. Nc5 Bc8 20. Ra4 a5 21. Rca1 Nc2 22. Rc1 Nb4 23. Ncd3 Nxd3 24. Nxd3 Bf5 25. b4 Bxd3 26. exd3 Rxd3 {½-½ Alshameary Puente,I (2352)-Dias,I (2138) POR-chT Maia 2018 (9.2)}) 12... Rac8 13. Rfd1 h6 14. h4 Nh5 15. Bd2 b6 16. Ne5 f6 17. Nxc6 Rxc6 18. Bxd5+ Rxd5 19. cxd5 Rxc1 20. Rxc1 e5 21. dxe6 Bxe6 22. b4 Bd7 23. b5 Nb8 24. Rc7 Bf8 25. Rxa7 Bxb5 26. Nc3 Bc4 27. Rb7 Nc6 28. Rc7 Na5 29. g4 Ng7 30. Bxh6 Ne8 31. Rc8 Bxh6 32. b4 Bf7 33. bxa5 bxa5 34. Ne4 Bf8 35. Ra8 Kg7 36. Rxa5 Nd6 37. Nxd6 Bxd6 38. e4 Bc7 39. Ra6 Bd8 40. f3 Bc4 41. Ra7+ Kf8 42. Kg2 Bf7 43. g5 Bb6 44. Ra8+ Be8 45. d5 fxg5 46. hxg5 Bc7 47. Ra6 Bf7 48. d6 Bd8 49. f4 Be6 50. Kg3 Ke8 51. Ra7 Kf8 52. Rb7 Ke8 53. Rh7 Bg8 54. Rh8 Kf8 55. Kg4 Kg7 56. Rh1 Be6+ 57. f5 Bd7 58. Rb1 Bc6 59. Kf4 Kf7 60. Ra1 gxf5 61. exf5 Bd7 62. Ra7 Ke8 63. g6 Bc6 64. Ke5 Kf8 65. f6 Bf3 66. Rh7 Ke8 67. d7+ 1-0

[Event "Olympiad Women 2024"]
[Site "Budapest HUN"]
[Date "2024.09.21"]
[Round "10.15"]
[Board "1"]
[White "Bulmaga, Irina"]
[Black "Terao, Juliana Sayumi"]
[Result "1-0"]
[WhiteElo "2406"]
[BlackElo "2161"]
[PlyCount "91"]
[EventDate "2024.09.11"]
[WhiteTeam "Romania"]
[BlackTeam "Brazil"]
[WhiteTeamCountry "ROU"]
[BlackTeamCountry "BRA"]

1. e4 e5 2. Nf3 Nc6 3. Bb5 a6 4. Ba4 Nf6 5. O-O Be7 6. Re1 b5 7. Bb3 O-O 8. h3 Bb7 9. d3 d6 10. a3 Na5 11. Ba2 c5 12. Bd2 ({RR} 12. Nbd2 Nc6 13. Nf1 Bc8 14. c3 Be6 15. Bxe6 fxe6 16. Ng3 Nd7 17. Be3 d5 18. exd5 exd5 19. a4 Rb8 20. axb5 axb5 21. b3 Ra8 {½-½ Kasparov,G (2804)-Topalov,V (2757) Linares 22nd 2005 (7)}) ({RR} 12. Nbd2 Bc8 13. c3 Be6 14. d4 Bxa2 15. Rxa2 exd4 16. cxd4 c4 17. d5 Nd7 18. b4 cxb3 19. Nxb3 Nxb3 20. Qxb3 Bf6 21. Be3 Re8 22. Qb1 Qa5 23. Bd2 Qd8 24. a4 Rb8 25. axb5 Rxb5 26. Qc2 Nc5 {½-½ Gharamian,T (2477)-David,A (2528) FRA-chT1A 0607 2006 (5.1)}) 12... Rc8 $146 ({RR} 12... Bc8 13. Nc3 Be6 14. Qb1 Bxa2 15. Qxa2 Nc6 16. Nd5 Nxd5 17. Qxd5 Qd7 18. a4 b4 19. c3 bxc3 20. bxc3 Rab8 21. Reb1 Rb7 22. Be3 Rfb8 23. Nd2 Rxb1+ 24. Rxb1 Rxb1+ 25. Nxb1 Qb7 26. Nd2 Na5 27. Qxb7 {½-½ Bindrich,F (2482)-Nyback,T (2575) Rilton Cup 36th 2006 (4)}) ({RR} 12... Nc6 13. Nc3 Nd4 14. Nxd4 cxd4 15. Ne2 d5 16. exd5 Bxd5 17. Bxd5 Qxd5 18. Nf4 Qc5 19. Bb4 Qc7 20. Nh5 Rfe8 21. Bxe7 Qxe7 22. Qf3 Rac8 23. Re2 Nxh5 24. Qxh5 Rc6 25. Rae1 Re6 26. Qf3 Qc5 27. Qb7 {½-½ Holzke,F (2479)-Shomoev,A (2541) Cappelle op 19th 2003 (3)}) 13. Nc3 Re8 14. b4 Nc6 15. Nd5 Nd4 16. Ne3 Bf8 17. c3 Ne6 18. Nd5 Nd7 19. Be3 g6 20. Rb1 Bg7 21. Qd2 Nb6 22. Nxb6 Qxb6 23. a4 Qc6 24. axb5 axb5 25. c4 Ba6 26. cxb5 Bxb5 27. Rec1 Qd7 28. Bxe6 Rxe6 29. bxc5 dxc5 30. Rxc5 Rxc5 31. Bxc5 Re8 32. Rb3 Rc8 33. Rc3 h6 34. Qe3 Ra8 35. Bb6 Qd6 36. Bc7 Qb4 37. Rc1 Qe7 38. Rc5 Bxd3 39. Bxe5 Bf8 40. Rc7 Qa3 41. Qf4 f5 42. exf5 Ra4 43. Qd2 gxf5 44. Bb2 Qb4 45. Qxd3 Qxb2 46. Qd7 1-0